000 00574nam a2200229 a 4500
001 nice12345678
003 IN_TiNIC
005 20260116011652.0
008 050524s1934 laha grp 000 0 urd
020 _a
_c100
082 0 0 _a225.591439
_bCAT
245 _aHamare Khudawand Yesu Masih Ka Ahd-E-Jadeed.
260 _aLahore
_bCatholic Truth Society
_c1934
300 _a572p
500 _aincludes index and biblioraphy
505 2 _aIndex
650 _aBible N.T. Urdu
710 2 _aCatholic Truth Society
902 _bSRS
942 _cBK
999 _c3281
_d3281